Statistics for All of the United States

Click here to take the quiz!

General Stats

  • This quiz has been taken 31 times
  • The average score is 53 of 65

Answers on the Map

Answers color-coded by a green-red scale on the quiz's map according to % correct below.
 

Answer Stats

Answer% Correct
Alabama
96%
Alaska
96%
Florida
96%
Georgia
96%
Hawaii
96%
Kentucky
96%
Louisiana
96%
Maine
96%
Massachusetts
96%
Michigan
96%
Mississippi
96%
New York
96%
North Carolina
96%
Pennsylvania
96%
Puerto Rico
96%
South Carolina
96%
Texas
96%
Virginia
96%
Washington D.C.
96%
West Virginia
96%
Arizona
93%
Arkansas
93%
California
93%
Colorado
93%
Delaware
93%
Idaho
93%
Illinois
93%
Kansas
93%
Missouri
93%
Montana
93%
Nevada
93%
New Hampshire
93%
New Mexico
93%
North Dakota
93%
Ohio
93%
Oklahoma
93%
Oregon
93%
Rhode Island
93%
South Dakota
93%
Tennessee
93%
Utah
93%
Washington
93%
Wisconsin
93%
Wyoming
93%
Connecticut
89%
Guam
89%
Indiana
89%
New Jersey
89%
Vermont
89%
Maryland
85%
Minnesota
85%
Nebraska
85%
Iowa
81%
U.S. Virgin Islands
74%
American Samoa
59%
Northern Mariana Islands
56%
Midway Atoll
41%
Johnston Atoll
30%
Wake Island
30%
Baker Island
22%
Jarvis Island
22%
Howland Island
19%
Kingman Reef
19%
Navassa Island
19%
Palmyra Atoll
19%

Score Distribution

Percentile by Number Answered

Percent of People with Each Score

Your Score History

You have not taken this quiz